| 000 | 01024nam a2200325 a 4500 | ||
|---|---|---|---|
| 999 |
_c141884 _d141884 |
||
| 003 | BLK | ||
| 005 | 20240116093951.0 | ||
| 008 | 180409b bul|||||r ||||||| ||bul|| | ||
| 010 | _aKNG00147960000 | ||
| 020 | _a954-445-076-9 | ||
| 040 | _aBLK | ||
| 041 |
_aBUL _cBUL |
||
| 072 | 7 |
_2bullib _aЯ _xАвтографи |
|
| 080 |
_aБългарска литература _b821.163.2 _x-31 _z821.163.2-31 |
||
| 100 | 1 |
_aПасков, Виктор _eпърви автор _9378887 |
|
| 139 |
_aПасков, Виктор _bП 25 |
||
| 245 | 1 | 0 |
_aГермания - мръсна приказка _bРоман _cВиктор Пасков. |
| 257 | _aBGR | ||
| 260 |
_aСофия _bХристо Ботев _c1993 |
||
| 300 |
_a224 с. _c20 см |
||
| 380 | _aX | ||
| 659 | _aЯ | ||
| 852 |
_aЦб 173478 _bЦб |
||
| 856 | 4 |
_qpdf _i0.00 _ldisable |
|
| 856 | 4 |
_qpdf _i0.00 _ldisable |
|
| 942 |
_cKNG _n0 _011 _s1 |
||
| 944 |
_aCR _c01.08.2013 _k30576 _lЦветомила Тодорова |
||
| 944 |
_aED _c01.08.2013 |
||
| 999 | _d141884 | ||